Marvel ou DC? - I - Statistics

Estatísticas Gerais
  • Esse quiz foi jogado 1 410 vezes
    1 233 desde o último reset
  • A pontuação média é 13 de 15
Estatísticas das Respostas
Questão Resposta % Correto
Coringa (Joker)
99%
Super-Homem (Superman) - Clark Kent
98%
Batman - Bruce Wayne
98%
Pantera Negra (Black Panther) - T´Challa
98%
Aquaman - Arthur Curry
96%
Ravena (Raven) - Rachel Roth
95%
Lanterna Verde (Green Lantern)
94%
Wolverine - Logan
93%
Demolidor (Daredevil) - Matt Murdock
90%
Mercúrio (Quicksilver) - Pietro Maximoff
89%
Tocha Humana (Human Torch) - Johnny Storm
88%
Cavaleiro da Lua (Moon Knight) - Marc Spector
87%
Magneto - Erik Magnus Lehnsherr
84%
Fênix Negra (Dark Phoenix) - Jean Grey
79%
Capitão Marvel (Captain Marvel) - Billy Batson
29%
Nenhum quiz correspondente encontrado
Distribuição das Pontuações
Porcentagem de Pessoas com Cada Pontuação
Percentil de Números Respondidos
Sua Pontuação Histórica
Você não jogou esse quiz desde o último reset